| 000 | 00608nam a22002057a 4500 | ||
|---|---|---|---|
| 999 |
_c2743 _d2743 |
||
| 003 | AR-CdUCM | ||
| 008 | 190305b ||||| |||| 00| 0 spa d | ||
| 040 |
_aMUNICIPALIDAD PROVINCIAL DEL CUSCO _cBIBLIOTECA MUNICIPAL DEL CUSCO |
||
| 041 | _heng | ||
| 082 |
_a810 / _bAM52 |
||
| 100 |
_aAmacher, Richard E. _99581 |
||
| 245 | _aEdward Albee / | ||
| 260 |
_aBuenos Aires : _bCompañía General Fabril ; _c1969. |
||
| 300 |
_a248 páginas ; _c20cm |
||
| 505 | _aNovela | ||
| 650 |
_aLiteratura estadounidense _99582 |
||
| 700 |
_aMirlas, León (traducción) _99583 |
||
| 942 |
_2ddc _cLIBROS |
||
| 945 | _anom | ||